LEADER 00930nam a2200241 i 4500 001 000000181285 003 CaOOAMICUS 005 20090828000000.0 008 090828s1986 it u000 u ita u 013 $a159117 040 $aSeMil$bita 100 1 $aMordini, Attilio.$0(OLS)http://semarc/name/56420 245 10$aFrancesco e Maria /$cAttilio Mordini ; a cura di Franco Cardini. 260 $aSiena :$bCantagalli,$c1986. 300 $a108 p. ;$c18 cm. 490 0 $aI classici cristiani ;$v269.-270 700 1 $aCardini, Franco,$d<1940- >.$0(OLS)http://semarc/name/321 830 2$aI classici cristiani ;$v269.-270.$0(OLS)http://semarc/title/386 850 $aSeMil 852 $aSeMil$W1$xVenegono$y1$m2S I 537$j132026$B132026$CSeMilBibl$Z2$F143826 $81 961 $aOmaggio: Altro 996 $6245$aFrancesco e Maria$9(OLS)http://semarc/title/260252 996 $6260$aSiena :$bCantagalli$9(OLS)http://semarc/publisher/29767 LEADER 01424nam a2200325 4500 001 000000347166 003 CaOOAMICUS 005 20210816162617.0 008 210726s1997 it a 000 u ita r 020 $a88-211-7026-8 040 $aSeMil$bita 245 00$aCantico dei cantici /$c33 acquarelli di Alfredo Chiąppori ; introduzione e traduzione di Gianfranco Ravasi. 246 11$aShir hasshirim 264 1$aGenova :$bMarietti 1820,$c1997. 300 $a115 p. :$bin gran parte ill. ;$c50 cm 500 $aIn custodia 541 0 $aOmaggio card. Angelo Scola (5Q XII 34) 546 $aTesto ebraico a fronte 650 4$aBibbia. Antico Testamento. Cantico dei Cantici - Illustrazioni.$0(OLS)http://semarc/subject/50705 700 1 $aChiąppori, Alfredo.$0(OLS)http://semarc/name/45017 700 1 $aRavasi, Gianfranco,$c.$0(OLS)http://semarc/name/244 850 $aSeMil 852 $aSeMil$W1$xVenegono$y1$m5Q XII 34$j227907$B238223$CSeMilBibl$Z2$F238223 $81 941 1 $a6 961 $aOmaggio card. Angelo Scola. -- Esemplare n. 419 di 1000 esemplari numerati 996 $6020$a88-211-7026-8$9(OLS)http://semarc/number/293727 996 $6245$aCantico dei cantici$9(OLS)http://semarc/title/303579 996 $6246$aShir hasshirim$9(OLS)http://semarc/title/436410 996 $6264$aGenova :$bMarietti 1820$9(OLS)http://semarc/publisher/32400